书目信息 |
| 题名: |
城市空间美学
|
|
| 作者: | 周岚 编著 | |
| 分册: | ||
| 出版信息: | 北京 东南大学出版社 2001.01 |
|
| 页数: | 210页 | |
| 开本: | 25cm | |
| 丛书名: | 新世纪中国城乡规划与建筑设计丛书 | |
| 单 册: | ||
| 中图分类: | TU984.113 | |
| 科图分类: | ||
| 主题词: | 城市规划 | |
| 电子资源: | ||
| ISBN: | 7-81050-613-7 | |
| 000 | 00629nam0 2200205 45 | |
| 001 | 0232500394 | |
| 005 | 2002060809014039 | |
| 010 | @a7-81050-613-7@dRMB 80.00 | |
| 100 | @a20020608d2001 km y0chiy0120 ea | |
| 101 | 0 | @achi |
| 200 | 1 | @a城市空间美学@Acheng shi kong jian mei xue@f周岚等编著@FZhou Lan Deng Bian Zhu |
| 210 | @a北京@c东南大学出版社@d2001.01 | |
| 215 | @a210页@d25cm | |
| 225 | 2 | @a新世纪中国城乡规划与建筑设计丛书 |
| 410 | 0 | @12001 @a新世纪中国城乡规划与建筑设计丛书 |
| 606 | 0 | @a城市规划 |
| 690 | @aTU984.113@v3 | |
| 701 | 0 | @a周岚@AZhou Lan@4编著 |
| 801 | 0 | @aCN@bPFT@c20020608 |
| 905 | @a10447@dTU984.113@eZ775 | |
| 城市空间美学/周岚等编著.-北京:东南大学出版社,2001.01 |
| 210页;25cm.-(新世纪中国城乡规划与建筑设计丛书) |
| ISBN 7-81050-613-7:RMB 80.00 |
| ● |
| 相关链接 |
|
|
|
正题名:城市空间美学
索取号:TU984.113/Z775
 
预约/预借
| 序号 | 登录号 | 条形码 | 馆藏地/架位号 | 状态 | 备注 |
| 1 | 359614 | 203596144 | 建筑与城市规划学院资料室/ [索取号:TU984.113/Z775] | 在馆 | |
| 2 | 359615 | 203596153 | 建筑库201/201建筑库 63排1列4层/ [索取号:TU984.113/Z775] | 在馆 | |
| 3 | 359616 | 203596162 | 建筑库201/201建筑库 63排1列4层/ [索取号:TU984.113/Z775] | 在馆 |